000 00636nam a2200181Ia 4500
008 100921s9999 xx 000 0 und d
082 _b17754
_a891.463 थ 82
100 _aगोगटे शकुंतला.
245 _aचांदणे शिंपित जा.
260 _bस्मिता प्रकाशन, पुणे.
_c1982
300 _a155
_b---
365 _b20
520 _aललित-कादंबरी.
630 _aचांदणे शिंपित जा.
650 _aललित-कादंबरी.
730 _aचांदणे शिंपित जा.
942 _cBOOK
999 _c766867
_d766864